|
|
|
|
| LEADER |
00000nam0a2200000 4500 |
| 001 |
193074 |
| 005 |
20231031181706.0 |
| 010 |
|
|
|a 5708804254
|
| 020 |
|
|
|a RU
|b 91-27237
|
| 035 |
|
|
|a (RuTPU)RU\TPU\book\210527
|
| 090 |
|
|
|a 193074
|
| 100 |
|
|
|a 20110314d1991 m y0rusy5003 ca
|
| 101 |
0 |
|
|a rus
|
| 102 |
|
|
|a RU
|
| 105 |
|
|
|a a j 001zy
|
| 200 |
1 |
|
|a Основы технической эксплуатации бытовой радиоэлектронной аппаратуры
|e учебное пособие для вузов
|
| 210 |
|
|
|a Москва
|c Легпромбытиздат
|d 1991
|
| 215 |
|
|
|a 269 с.
|c ил.
|d 22 см
|
| 225 |
1 |
|
|a Для вузов
|
| 320 |
|
|
|a Библиогр.: с. 266-267 (35 назв.)
|
| 610 |
1 |
|
|a бытовая радиоаппаратура
|
| 610 |
1 |
|
|a эксплуатация
|
| 610 |
1 |
|
|a надежность
|
| 610 |
1 |
|
|a повышение
|
| 610 |
1 |
|
|a расчет
|
| 610 |
1 |
|
|a техническое обслуживание
|
| 610 |
1 |
|
|a ремонт
|
| 610 |
1 |
|
|a контроль
|
| 610 |
1 |
|
|a диагностика
|
| 610 |
1 |
|
|a учебные пособия
|
| 675 |
|
|
|a 64(075.8)
|z rus
|v 3
|
| 700 |
|
1 |
|a Леонов
|b А. И.
|g Александр Иванович
|4 070
|
| 701 |
|
1 |
|a Дубровский
|b Н. Ф.
|g Николай Федорович
|4 070
|
| 801 |
|
0 |
|a RU
|b RuMRKP
|c 19950417
|g psbo
|
| 801 |
|
1 |
|a RU
|b 63413507
|c 20110314
|
| 801 |
|
2 |
|a RU
|b 63413507
|c 20110321
|g RCR
|
| 942 |
|
|
|c BK
|